Guess the Celebrity by their Picture #5 - Statistics

General Stats
  • This quiz has been taken 127 times
  • The average score is 5 of 15
Answer Stats
Picture Answer % Correct
Gal Gadot
63%
Chris Evans
60%
Heidi Klum
55%
Alan Rickman
50%
Peyton List
41%
Chris Pine
34%
Anthony Mackie
32%
Emma Thompson
32%
Skai Jackson
31%
William Zabka
15%
Tanner Buchanan
12%
Jacob Bertrand
10%
Liev Schreiber
10%
Martin Kove
9%
Xolo Mariduena
9%
No matching quizzes found
Score Distribution
Percent of People with Each Score
Percentile by Number Answered
Your Score History
You have not taken this quiz